Sports General Knowledge #1 - Statistics

General Stats
  • This quiz has been taken 1,150 times
  • The average score is 14 of 20
Answer Stats
Question Answer % Correct
How many rings are there on the Olympic flag? 5
95%
How many points is a touchdown worth in American football? 6
95%
Which country is Lionel Messi from? Argentina
94%
Which athlete has won the most Olympic gold medals? Michael Phelps
90%
Which NBA team did Michael Jordan play for in the 1990s? Chicago Bulls
88%
In golf, what is the term for completing a hole in one stroke under par? Birdie
86%
Who has won the most Formula 1 world championships? Michael Schumacher | Lewis Hamilton
80%
Which football club has won the most UEFA Champions League titles? Real Madrid
76%
What is the name of the trophy awarded to the winner of the NHL playoffs? Stanley Cup
72%
Which country is famous for inventing cricket? England
70%
In which sport do competitors use a foil, épée, or sabre? Fencing
70%
How long is a marathon in kilometers? 42.195 km
66%
Which Grand Slam tennis tournament is played on a clay surface? French Open
66%
What is the nickname of the New Zealand national rugby union team? All Blacks
65%
What is the national sport of Japan? Sumo wrestling
63%
What is the term for three consecutive strikes in bowling? Turkey
60%
Which sport uses a pommel horse? Gymnastics
59%
Which team won the first ever Super Bowl in 1967? Green Bay Packers
56%
In which year did the first modern Olympic Games take place? 1896
41%
What is the maximum break possible in a game of snooker? 147
31%
No matching quizzes found
Score Distribution
Percent of People with Each Score
Percentile by Number Answered
Your Score History
You have not taken this quiz